00378ntaaa2200145 45000030003000000050017000030080021000200400037000410820017000781000018000952450035001132500060001483000011002086500013002190120251027202440.00714s1973 ag 01  aAR-BaBNbspacAR-BaBNeaacrdRIC a266.0000 W34 aWatt, Raquel  aEn el corazón del salvajismo a1 ed. : bSociedad de Publicaciones Religiosas, cc1930 a252 p. aMisiones